| 000 | 00567nam a2200193Ia 4500 | ||
|---|---|---|---|
| 999 |
_c10084 _d10084 |
||
| 003 | OSt | ||
| 005 | 20191231155435.0 | ||
| 008 | 190216s9999||||xx |||||||||||||| ||und|| | ||
| 020 | _a8173710058 | ||
| 040 | _coclc | ||
| 082 |
_a330.954 _bPAT/I |
||
| 100 |
_a Patel, Surendra J _91003 |
||
| 245 | 0 |
_aIndian Economy Towards The Twenty First Century / _c Surendra J Patel |
|
| 250 | _a1st ed. | ||
| 260 |
_bUniversities Press, _c1995. _aHyderbad: |
||
| 300 | _a158p | ||
| 650 | _aEconomics | ||
| 942 |
_cBK _2ddc _h330.954 _iPAT/I _k330.954 _mPAT/I |
||